000 00301nam a22001337a 4500
008 171107b xxu||||| |||| 00| 0 eng d
020 _a9780470025895
041 _aeng
080 _22ND
_a330.322
100 _a63
101 _aINV
245 _aTHE FUTURES BOND BASIS
_cCHOUDHRY,M
942 _2udc
_cBK
999 _c38117
_d38117